Sports Quiz

Random Sports or NBA Quiz

Anagrammed Sports Teams Quiz Stats

 Plays Quiz Updated Jul 3, 2017

Support Sporcle.
Go Orange.
Score 0/30 Timer 05:00
6 Plays Today
Scrambled Team % Correct
ARMSLos Angeles Rams
96%
JESTNew York Jets/Winnipeg Jets
94.5%
STEMNew York Mets
91.8%
LOINSDetroit Lions
91.7%
HATEMiami Heat
90.9%
NESTBrooklyn Nets
88.9%
CLOTSIndianapolis Colts
86.5%
TSARSDallas Stars
86.1%
SABERChicago Bears
83.9%
STAINSNew Orleans Saints
82.3%
SEXTANHouston Texans
80.6%
LUBESSt. Louis Blues
80%
CAVALRIESCleveland Cavaliers
75.8%
BANGLESCincinnati Bengals
73.2%
GARNERSTexas Rangers/New York Rangers
65.6%
Scrambled Team % Correct
AMPLE FALSEToronto Maple Leafs
63.8%
TAINTSTennessee Titans
62.2%
CRIPPLESLos Angeles Clippers
61.4%
TREELESSPittsburgh Steelers
56.9%
GLEANSLos Angeles Angels
55.1%
PARROTSToronto Raptors
54.1%
ROASTSHouston Astros
52.4%
SCRAPEIndiana Pacers
52.2%
SPREADSan Diego Padres
48.7%
RESTOCKHouston Rockets
46.6%
PARTIESPittsburgh Pirates
44.5%
THRONESCharlotte Hornets
41.9%
TEARDROPSNashville Predators
34.8%
TREASONSOttawa Senators
31.9%
SANTOLINAWashington Nationals
29.4%

You're not logged in!

Compare scores with friends on all Sporcle quizzes.
OR
Log In
Forgot?

From the Vault

Disney or Hitchcock

by MovieGuru

Disney and Hitchcock have more in common than you may have thought.
Remove Ads.
Support Sporcle.
Get the best of Sporcle when you Go Orange. This ad-free experience offers more features, more stats, and more fun while also helping to support Sporcle. Thank you for becoming a member.

Show Comments

Extras

Top Quizzes Today


Score Distribution

Your Account Isn't Verified!

In order to create a playlist on Sporcle, you need to verify the email address you used during registration. Go to your Sporcle Settings to finish the process.

Report this User

Report this user for behavior that violates our Community Guidelines.

Details: